Т. 106 : Бурильные машины: [отдельные оттиски]; Известия Томского политехнического института [Известия ТПИ]; О современных направлениях в создании высокопроизводительных пневматических бурильных молотков; Методика экспериментального исследования рабочего процесса пневматических бурильных молотков; Исследование рабочего процесса высокочастотного бурильного молотка с беззолотниковым воздухораспределением
| Parent link: | Известия Томского политехнического института [Известия ТПИ]/ Томский политехнический институт (ТПИ). Т. 106 : Бурильные машины.— , 1944-1976 |
|---|---|
| Sprache: | Russisch |
| Veröffentlicht: |
Свердловск, Металлургиздат, 1958
|
| TOC: | О современных направлениях в создании высокопроизводительных пневматических бурильных молотков; Методика экспериментального исследования рабочего процесса пневматических бурильных молотков; Исследование рабочего процесса высокочастотного бурильного молотка с беззолотниковым воздухораспределением; |
| Schlagworte: | |
| Format: | Buch |
| KOHA link: | https://koha.lib.tpu.ru/cgi-bin/koha/opac-detail.pl?biblionumber=355585 |
MARC
| LEADER | 00000nam2a2200000 4500 | ||
|---|---|---|---|
| 001 | 355585 | ||
| 005 | 20231102010817.0 | ||
| 035 | |a (RuTPU)RU\TPU\retro\12845 | ||
| 035 | |a RU\TPU\book\219956 | ||
| 090 | |a 355585 | ||
| 100 | |a 20200709d1958 k y0rusy50 ca | ||
| 101 | 0 | |a rus | |
| 102 | |a RU | ||
| 105 | |a a z 000zy | ||
| 200 | 0 | |a Т. 106 : Бурильные машины |e [отдельные оттиски] | |
| 210 | |a Свердловск |c Металлургиздат |d 1958 | ||
| 215 | |a 50 с. |c рис., граф., табл., схемы | ||
| 320 | |9 572 |a Библиогр. в конце ст. | ||
| 461 | 1 | |0 (RuTPU)RU\TPU\book\200995 |t Известия Томского политехнического института [Известия ТПИ] |f Томский политехнический институт (ТПИ) |v Т. 106 : Бурильные машины |d 1944-1976 | |
| 464 | |t О современных направлениях в создании высокопроизводительных пневматических бурильных молотков | ||
| 464 | |t Методика экспериментального исследования рабочего процесса пневматических бурильных молотков | ||
| 464 | |t Исследование рабочего процесса высокочастотного бурильного молотка с беззолотниковым воздухораспределением |a Алимов, Олег Дмитриевич | ||
| 606 | 1 | |a Молотки пневматические |2 stltpush |3 (RuTPU)RU\TPU\subj\44352 |9 63700 | |
| 610 | 1 | |a труды учёных ТПУ | |
| 610 | 1 | |a коллекция ТПУ | |
| 610 | 1 | |a оттиски | |
| 610 | 1 | |a горное дело | |
| 610 | 1 | |a экспериментальные исследования | |
| 610 | 1 | |a пневматические бурильные машины | |
| 610 | 1 | |a буры | |
| 610 | 1 | |a схемы | |
| 610 | 1 | |a устройство | |
| 610 | 1 | |a расчеты | |
| 675 | |a 621.972 |v 3 | ||
| 801 | 1 | |a RU |b 63413507 |c 20090209 |g PSBO | |
| 801 | 2 | |a RU |b 63413507 |c 20200709 |g PSBO | |
| 942 | |c BK | ||